| 000 | 00644nam a2200205 u 4500 | ||
|---|---|---|---|
| 001 | 000033650 | ||
| 005 | 20240412074257.0 | ||
| 008 | 110902s1975 dr r 000 0 spa d | ||
| 040 |
_aDO-SdBNP _bspa _cBNPHU |
||
| 082 |
_aRD863. 44 _bC697r |
||
| 100 | 1 |
_aCollado, Lipe, _d1947- _979819 |
|
| 245 | 1 | 3 |
_aEl retorno del general / _cLipe collado. |
| 260 |
_aSanto Domingo : _bUASD, _c[19--]. |
||
| 300 |
_a132 p. ; _c23 cm. |
||
| 590 | _aInventariado, 2018/VM | ||
| 650 | 0 |
_aCuentos dominicanos _9176 |
|
| 650 | 0 |
_aLiteratura dominicana. _967 |
|
| 710 | 1 |
_aUniversidad Autónoma de Santo Domingo _972951 |
|
| 910 | _aValidado. Control de calidad MFF | ||
| 999 |
_c33141 _d33141 |
||